000 00839cam a22002531 4500
001 sa 66000851
003 DLC
005 20260227112217.0
008 890523s1965 ii 000 0 maro
010 _asa 66000851
035 _a(OCoLC)19754943
040 _aDLC
_cWaU
_dNRU
_dDLC
042 _apremarc
043 _aa-ii---
050 0 0 _aHC437.M32
_bR3
100 1 _aRanadey, Sadashiv Annaji,
_d1909-
245 1 0 _aMahārāshṭra maḡẽ kã?
_cLekhaka Sa. A. Rānaḍe.
260 _aMumbaī;
_bkevala ejanṭa: Pra. Pa. Karṇika
_c[1965]
300 _a148 p. (p. 146-148 advertisements)
_c19 cm.
500 _aAt head of title: Jīvana-laḍha, nāhĩtara raḍa!
500 _a"sa. 2001 paryanta pratyekānẽ abhyāsāvẽ asẽ pustaka."
500 _aIn Marathi.
651 0 _aMaharashtra (India)
_xEconomic conditions.
999 _c67450
_d67450